| 000 | 00851nam a22001937a 4500 | ||
|---|---|---|---|
| 005 | 20240515122415.0 | ||
| 010 | _aHIN-127576 | ||
| 020 |
_a9789395020534 _c550.00 |
||
| 035 | _aHN-99922 | ||
| 037 | _bDBAD | ||
| 082 | _a425 | ||
| 100 |
_aगौड, विक्रम _966212 |
||
| 245 |
_aज्ञान उन्मेष सरस हिन्दी व्याकरण/ _cविक्रम गौड 'रसिक' |
||
| 260 |
_aऊधम सिंह नगर (उतराखंड) _bविधा प्रकाशन _c2023 |
||
| 270 |
_aवार्ड नंबर.9, बाज्जापुर _bऊधम सिंह नगर (उतराखंड) _e262401 |
||
| 300 |
_a280पृ. _c22सेमी(आजिल्द) |
||
| 650 |
_aहिंदी _966213 |
||
| 942 |
_adpl _cHN _2ddc _h425 _mगौडवि |
||
| 999 |
_c202610 _d202610 |
||